| 000 | 00319nam a22001217a 4500 | ||
|---|---|---|---|
| 082 | _a297.63 NUD'S | ||
| 100 |
_aNDVI, SULEMAN SYED ALLAMA _976231 |
||
| 245 | _aSEERAT-UL-NABI | ||
| 260 |
_aLAHORE _bNASSRAM _c1975 |
||
| 300 | _aVOL-6TH | ||
| 650 |
_aISLAM-BIOGRAPHY-PROPHET MUHAMMAD PEACE BE UPON HIM _9876 |
||
| 942 | _cBK | ||
| 999 |
_c581632 _d581632 |
||